| 000 | 00668nam a2200229 a 4500 | ||
|---|---|---|---|
| 008 | |||
| 020 | _a0316604747 (pbk.) | ||
| 049 | _aMAIN | ||
| 090 | 0 | _aRC78.7.N83 NEW | |
| 100 | 1 | _aNewhouse, Jeffrey H. | |
| 245 | 1 | 0 |
_aUnderstanding MRI / _cJeffrey H. Newhouse, Jonathan I. Wiener. |
| 260 |
_aBoston : _bLittle, Brown, _cc1991. |
||
| 300 |
_axi, 155 p. : _bill. ; _c24 cm. |
||
| 500 | _aIncludes index. | ||
| 650 | 0 | _aMagnetic resonance imaging. | |
| 700 | 1 | _aWiener, Jonathan I. | |
| 907 |
_a.b10134311 _b02-05-12 _c31-08-04 |
||
| 003 | |||
| 005 | 20230123133815.0 | ||
| 040 | _cNUST | ||
| 942 |
_cBOOKS _kRC78.7.N83 NEW |
||
| 999 |
_c154973 _d154973 |
||